Southville International School and Colleges
Your cart is empty.
  • Cart
  • Lists
    Public lists Eva Luna New books Lux_list list_1
    Your lists Log in to create your own lists
  • Log in to your account
  • Your cookies
  • Search history
Southville International School and Colleges
  • Advanced search
  • Recent comments
  • Most popular
  • Libraries

Log in to your account

Log in with GOOGLE


If you do not have an external account, but do have a local account, you can still log in:

  1. Home
  2. MARC view: Whatever /
Normal view MARC view ISBD view

Whatever / (Record no. 11217)

[ view plain ]
MARC details
000 -LEADER
fixed length control field 01704cam a22004093a 4500
001 - CONTROL NUMBER
control field 13187226
003 - CONTROL NUMBER IDENTIFIER
control field OSt
005 - DATE AND TIME OF LATEST TRANSACTION
control field 20140310182244.0
008 - FIXED-LENGTH DATA ELEMENTS--GENERAL INFORMATION
fixed length control field 000517s2000 nyu j 000 1 eng d
010 ## - LIBRARY OF CONGRESS CONTROL NUMBER
LC control number 2003576691
020 ## - INTERNATIONAL STANDARD BOOK NUMBER
International Standard Book Number 0553487051 (pbk.) :
Terms of availability $4.50 ($6.99 Can.)
035 ## - SYSTEM CONTROL NUMBER
System control number (OCoLC)ocm44069501
040 ## - CATALOGING SOURCE
Original cataloging agency DF9
Transcribing agency DF9
Modifying agency JED
-- IHI
-- SLC
-- DLC
042 ## - AUTHENTICATION CODE
Authentication code lccopycat
050 ## - LIBRARY OF CONGRESS CALL NUMBER
Classification number PZ 7
Item number .Su968s17 2000
082 ## - DEWEY DECIMAL CLASSIFICATION NUMBER
Classification number FIC
Item number Su1 2000
100 1# - MAIN ENTRY--PERSONAL NAME
Personal name Suzanne, Jamie.
9 (RLIN) 4455
245 10 - TITLE STATEMENT
Title Whatever /
Statement of responsibility, etc written by Jamie Suzanne ; created by Francine Pascal.
260 ## - PUBLICATION, DISTRIBUTION, ETC. (IMPRINT)
Place of publication, distribution, etc New York :
Name of publisher, distributor, etc Bantam Books,
Date of publication, distribution, etc 2000.
300 ## - PHYSICAL DESCRIPTION
Extent 150 p. ;
Dimensions 20 cm.
440 ## - SERIES STATEMENT/ADDED ENTRY--TITLE
Title Sweet valley jr. high
Number of part/section of a work #17
9 (RLIN) 19340
520 ## - SUMMARY, ETC.
Summary, etc Lacey looks forward to her mother's visit as a chance to bond with her and perhaps to leave life with her father and stepmother to share her mother's glamorous life in New York, but things don't turn out the way she had hoped.
650 #0 - SUBJECT ADDED ENTRY--TOPICAL TERM
Topical term or geographic name as entry element Mothers and daughters
Form subdivision Fiction.
9 (RLIN) 19341
650 #0 - SUBJECT ADDED ENTRY--TOPICAL TERM
Topical term or geographic name as entry element Stepfamilies
Form subdivision Fiction.
9 (RLIN) 19342
650 #0 - SUBJECT ADDED ENTRY--TOPICAL TERM
Topical term or geographic name as entry element Junior high school students
Form subdivision Fiction.
9 (RLIN) 19343
655 #7 - INDEX TERM--GENRE/FORM
Genre/form data or focus term Domestic fiction.
Source of term lcsh
9 (RLIN) 2796
655 #7 - INDEX TERM--GENRE/FORM
Genre/form data or focus term Young adult fiction.
Source of term lcsh
9 (RLIN) 3735
700 1# - ADDED ENTRY--PERSONAL NAME
Personal name Pascal, Francine.
9 (RLIN) 3767
710 2# - ADDED ENTRY--CORPORATE NAME
Corporate name or jurisdiction name as entry element Copyright Paperback Collection (Library of Congress)
Institution to which field applies DLC
9 (RLIN) 705
830 #0 - SERIES ADDED ENTRY--UNIFORM TITLE
Uniform title Sweet Valley Jr. High ;
Volume number/sequential designation 17
9 (RLIN) 19344
856 41 - ELECTRONIC LOCATION AND ACCESS
Materials specified Sample text
Uniform Resource Identifier <a href="http://www.loc.gov/catdir/samples/random044/2003576691.html">http://www.loc.gov/catdir/samples/random044/2003576691.html</a>
856 42 - ELECTRONIC LOCATION AND ACCESS
Materials specified Publisher description
Uniform Resource Identifier <a href="http://www.loc.gov/catdir/description/random0410/2003576691.html">http://www.loc.gov/catdir/description/random0410/2003576691.html</a>
906 ## - LOCAL DATA ELEMENT F, LDF (RLIN)
a 7
b cbc
c copycat
d 2
e ncip
f 20
g y-genrareb
942 ## - ADDED ENTRY ELEMENTS (KOHA)
Source of classification or shelving scheme Library of Congress Classification
Koha item type
Holdings
Withdrawn status Lost status Source of classification or shelving scheme Damaged status Home library Current library Shelving location Date acquired Total Checkouts Full call number Barcode Date last seen Copy number Price effective from Koha item type
    Library of Congress Classification   Luxembourg Library Luxembourg Library Fiction Section 09/13/2013   PZ 7 .Su968s17 2000 17825 02/17/2015 1 09/13/2013 Books

Whatever /

APA

Suzanne J., Pascal F. & Copyright Paperback Collection (Library of Congress). (2000). Whatever. New York: Bantam Books.

Chicago

Suzanne Jamie, Pascal Francine and Copyright Paperback Collection (Library of Congress). 2000. Whatever. New York: Bantam Books.

Harvard

Suzanne J., Pascal F. and Copyright Paperback Collection (Library of Congress). (2000). Whatever. New York: Bantam Books.

MLA

Suzanne Jamie, Pascal Francine and Copyright Paperback Collection (Library of Congress). Whatever. New York: Bantam Books. 2000.

  • Place hold
  • Print
  • Cite
  • Add to your cart (remove)
  • Save record
    BIBTEX Dublin Core MARCXML MARC (non-Unicode/MARC-8) MARC (Unicode/UTF-8) MARC (Unicode/UTF-8, Standard) MODS (XML) RIS
  • More searches
    Search for this title in:
    Other Libraries (WorldCat) Other Databases (Google Scholar) Online Stores (Bookfinder.com) Open Library (openlibrary.org)

Exporting to Dublin Core...

SOUTHVILLE LIBRARY

Southville International School and Colleges Library

1281 Tropical Ave. Cor. Luxembourg St., BF Homes International, Las Pinas City

Tel. No. 8256374 / 252358 Loc. 117/146

Powered by Koha